000 00814nam a2200241 4500
003 OSt
005 20260530113909.0
008 260513t2012 mx ||||| |||| 00| 0 spa d
040 _aICI
_bspa
_cICI
041 _aspa
050 _aNA2750
_bA63 2012
245 1 0 _aArchitectural digest :
_bla autoridad en diseño : interiorismo y arquitectura
264 1 _aMéxico :
_bConde Nast,
_c2012
300 _a144 páginas :
_bilustraciones
336 _atexto
_2rdacontent
337 _asin medio
_2rdamedia
338 _avolumen
_2rdacarrier
500 _aNúmero Especial diciembre -enero 2020
650 4 _aDiseño arquitectónico
_vPublicaciones periodicas
_933138
650 4 _aDecoración de interiores
_vPublicaciones periodicas
_933139
650 4 _aMuebles
_vPublicaciones periodicas
_933140
942 _2lcc
_cBK
_n1
999 _c12058
_d12058